| 000 | 01335cam a22003733a 4500 | ||
|---|---|---|---|
| 001 | 20641 | ||
| 003 | PGUSA | ||
| 005 | 20140828083435.0 | ||
| 008 | 070221s2007||||xxu|||||s|||||000 1 eng d | ||
| 040 |
_aPGUSA _beng |
||
| 042 | _adc | ||
| 050 | 4 | _aPZ | |
| 100 | 1 |
_aHenty, G. A. _q(George Alfred), _d1832-1902 |
|
| 245 | 1 | 0 |
_aThrough Three Campaigns : _bA Story of Chitral, Tirah and Ashanti _h[electronic resource] / _cG. A. Henty |
| 260 |
_bProject Gutenberg, _c2007 |
||
| 506 | _aPublic domain in the USA. | ||
| 516 | _aElectronic text | ||
| 653 | _aAshanti War, 1900 -- Juvenile fiction | ||
| 653 | _aPatriotism -- Juvenile fiction | ||
| 653 | _aIndia -- History -- Tirah Campaign, 1897-1898 -- Juvenile fiction | ||
| 653 | _aConduct of life -- Juvenile fiction | ||
| 653 | _aOrphans -- Juvenile fiction | ||
| 653 | _aSoldiers -- Juvenile fiction | ||
| 653 | _aCourage -- Juvenile fiction | ||
| 653 | _aIndia -- History -- Chitral Campaign, 1895 -- Juvenile fiction | ||
| 653 | _aGhana -- History -- Juvenile fiction | ||
| 653 | _aYouth and death -- Juvenile fiction | ||
| 653 | _aAdventure stories | ||
| 653 | _aYouth -- Conduct of life -- Juvenile fiction | ||
| 700 | 1 |
_aPaget, Walter, _d1863-1935 |
|
| 830 | 0 |
_aProject Gutenberg _v20641 |
|
| 856 | 4 | 0 | _uhttp://www.gutenberg.org/ebooks/20641 |
| 942 | _cEB | ||
| 999 |
_c249896 _d249896 |
||